Shackelford cirugía del aparato digestivo. Volumen 3 /
La obra Shackelford, Cirugía del Aparato Digestivo, con una trayectoria de 50 años, es una colección enciclopédica de cinco volúmenes y ha sido fuente invalorable de información para miles de cirujanos generales y residentes de cirugía. Esta quinta edición, que se realizó bajo la supervisión y coord...
| প্রধান লেখক: | |
|---|---|
| সংস্থা লেখক: | |
| অন্যান্য লেখক: | |
| বিন্যাস: | গ্রন্থ |
| ভাষা: | Spanish English |
| প্রকাশিত: |
Buenos Aires:
Editorial Médica Panamericana,
2005.
|
| সংস্করন: | Quinta edición. |
| বিষয়গুলি: |
MARC
| LEADER | 00000cam a2200000 a 4500 | ||
|---|---|---|---|
| 003 | Ucuenca | ||
| 005 | 20231223062630.0 | ||
| 006 | a||||fr|||| 001 | | ||
| 007 | ta | ||
| 008 | 011110t20052005ag aaaafr|||| 001|| spa a | ||
| 020 | |a 950-06-2621-7 |q volumen III | ||
| 020 | |a 950-06-5041-X |q obra completa | ||
| 040 | |b spa |a UCuenca-cdrjbv |c UCuenca |e rda | ||
| 041 | 1 | |a spa |h eng | |
| 082 | 0 | |2 22 |a 617 |c 200019 | |
| 100 | 1 | |9 84209 |a Zuidema, George D. |e autor | |
| 240 | 1 | 0 | |a Shackelford`s surgery of the alimentary tract. |l English |
| 245 | 0 | 0 | |a Shackelford cirugía del aparato digestivo. |n Volumen 3 / |c George D. Zuidema, Yeo, Charles J., Editorial Médica Panamericana, traductor. |
| 250 | |a Quinta edición. | ||
| 264 | 1 | |a Buenos Aires: |b Editorial Médica Panamericana, |c 2005. | |
| 264 | 4 | |c ©2005 | |
| 300 | |a x, 715 páginas: |b ilu |c 28 cm | ||
| 336 | |2 rdacontent |a texto |b txt | ||
| 337 | |2 rdamedia |a no mediado |b n | ||
| 338 | |2 rdacarrier |a volumen |b nc | ||
| 504 | |a incl. ref. | ||
| 505 | 1 | |a Páncreas -- Vías biliares -- Hígado e hipertensión portal. | |
| 520 | 3 | |a La obra Shackelford, Cirugía del Aparato Digestivo, con una trayectoria de 50 años, es una colección enciclopédica de cinco volúmenes y ha sido fuente invalorable de información para miles de cirujanos generales y residentes de cirugía. Esta quinta edición, que se realizó bajo la supervisión y coordinación de destacados profesionales que actuaron como directores de cada uno de los volúmenes, refleja los numerosos e importantes cambios ocurridos en los últimos cinco años en la práctica quirúrgica, los abordajes operatorios, la biología molecular y los tratamientos no invasivos. Cada volumen comienza con extensas secciones sobre anatomía y fisiología y describe posteriormente con detalle los procedimientos quirúrgicos particulares. | |
| 650 | 1 | 7 | |a Bazo |9 84176 |2 UCuenca-cdrjbv |
| 650 | 1 | 7 | |a Hígado |9 18781 |2 UCuenca-cdrjbv |
| 651 | |2 UCuenca-cdrjbv | ||
| 700 | 1 | |a Yeo, Charles J. |e autor |9 103575 | |
| 710 | 2 | |9 241744 |a Editorial Médica Panamericana. |e traductor | |
| 852 | |a UC-SALUD |f Compra |l 1 |m General |p 20111101 |q 135.00 |r 1 |t 200019 |y 000355283 |b 1 |d CDRS |e CDRS |g 617 ESTANTERIA ABIERTA |z 2011-11-10 | ||
| 942 | |c BK |z vanessa.morales@ucuenca.edu.ec |0 1 |2 ddc |r margoth.maza@ucuenca.edu.ec | ||
| 999 | |c 62110 |d 62110 | ||